[Event "AUTO-ADV-4938"]
[Site "http://www.queenalice.com/game.php?id=1874152"]
[Date "2026.5.30"]
[Round "1"]
[White "Jsc"]
[Black "Daniel1962"]
[Result "1-0"]
[WhiteElo "1989"]
[BlackElo "1786"]

1. e4 e6 2. d4 Be7 3. Bd3 Nc6 4. c3 d5 5. e5 f5 6. Nf3 h6 7. h4 h5 8. Be3 Bd7 9.
b4 a6 10. a4 a5 11. b5 Na7 12. Nbd2 g6 13. Nb3 b6 14. Qd2 Nh6 15. Bxh6 c6 16.
bxc6 Bxc6 17. Be3 Qd7 18. O-O O-O-O 19. Qa2 Rdg8 20. c4 dxc4 21. Bxc4 Bxf3 22.
gxf3 Bxh4 23. Nd2 g5 24. Bxe6 f4 25. Bxd7+ Kxd7 26. Qf7+ Kc8 27. Rfc1+ Kb8 28.
Rc7 Rf8 29. Rb7+ Kc8 30. Qd7# 1-0